000 00887cam a2200265 4500
001 J92762
008 090401t1998 xxu||||| |||| 00| 0 eng d
035 _a(Sirsi) u87291
041 _aeng
050 _a692.8
110 _aJoint Contracts Tribunal
_93664
245 _aIntermediate Form of Building Contract for works of simple content 1984 edition ... Amendment 12 and guidance notes issued April 1998 ...
260 _aLondon
_bRIBA Publications
_c1998
300 _a48p. ; 30cm.
350 _a0
650 _aAMENDMENT 12
650 _aBUILT ENVIRONMENT-BUILDING CONTRACT FORMS
650 _aLATHAM REFORMS
650 _aHOUSING GRANTS, CONSTRUCTION AND REGENERATION ACT 1996 PART II
650 _aINTERMEDIATE FORM OF BUILDING CONTRACT 1984
650 _aLATHAM REFORMS
690 _aBUILT ENVIRONMENT-BUILDING CONTRACT FORMS
942 _n0
948 _c08/07/1998
999 _c97211
_d97211